000 00263nam a22001337a 4500
008 180917b xxu||||| |||| 00| 0 eng d
041 _aeng
080 _a902
082 _a902
100 _a42
101 _aARK
245 _aGreece
_cMoody,S
942 _2udc
_cBK
999 _c47843
_d47843